00327nam a2200121Ia 4500008004100000041000800041082001700049100001800066245004500084260003700129300003200166365000700198240624s9999 xx 000 0 und d aeng a658.4012 OHM aOHMAE KENICHI aMIND OF THE STRATEGIST THE ART OF JAPANE c2004aNew DelhibTata McGrawhill axiii, : 283 : p. : cm. ; 22 cRS